| 000 | 00793cam a22002655a 4500 | ||
|---|---|---|---|
| 001 | 14689648 | ||
| 005 | 20180122103604.0 | ||
| 008 | 070109s1994 ja a fr 001 0 eng d | ||
| 020 | _a4079751095 | ||
| 040 |
_aCLE _cCLE _dBOS _dOCL _dVPL _dBTCTA _dDLC _dEG-ScBUE _beng |
||
| 082 | 0 | 4 |
_222 _a641.65655 _bBAR |
| 100 | 1 |
_aBarber, L. _q(Linda Lee) |
|
| 245 | 1 | 4 |
_aThe tofu gourmet / _cby L. Barber & J. Lampert. |
| 250 | _a3rd printing. | ||
| 260 |
_aTokyo : _bShufunotomo/Japan Publications, _c1994. |
||
| 300 |
_a129 p. : _bill. ; _c27 cm. |
||
| 500 | _aIncludes index. | ||
| 541 | _aDonation from Japan Foundation. | ||
| 650 | 7 |
_aCooking (Tofu) _2BUEsh |
|
| 650 | 7 |
_aCooking (Soybeans) _2BUEsh |
|
| 651 | _2BUEsh | ||
| 653 |
_bGGEN _cJanuary2018 |
||
| 700 | 1 | _aLampert, Junko. | |
| 942 | _2ddc | ||
| 999 |
_c25984 _d25956 |
||